Parità in pillole : impara a combattere le piccole e grandi discriminazioni quotidiane /

Uloženo v:
Podrobná bibliografie
Hlavní autor: Facheris, Irene (Autor)
Další autoři: Meloni, Chiara (Ilustrátor)
Médium: Kniha
Jazyk:italština
Vydáno: Milano : BUR Rizzoli, 2021
Edice:BUR Rizzoli. Varia
Témata:
Tagy: Přidat tag
Žádné tagy, Buďte první, kdo vytvoří štítek k tomuto záznamu!

MARC

LEADER 00000nam a22000007i 4500
001 IT\ICCU\RT1\0134347
003 ItRI
005 20260115232051.0
008 210407s2021 it |||||| ||||| |||||c
020 |a 9788817155540 
040 |b ita  |c importazione bologna sebina 
041 7 |a ita  |2 ISO-639-2 
082 |a 323.340945  |9 DIRITTI CIVILI E POLITICI. DONNE. Italia  |2 23 
082 |a 331.4133  |9 Lavoro delle donne. Discriminazione e politiche antidiscriminatorie.  |2 20 
100 1 |a Facheris, Irene  |0 IT\ICCU\AREV\000501  |4 aut 
240 1 0 |a Parità in pillole  |3 IT\ICCU\VIA\0399245  |9 Facheris, Irene 
245 1 0 |a Parità in pillole :  |b impara a combattere le piccole e grandi discriminazioni quotidiane /  |c Irene Facheris ; con le illustrazioni di Chiara Meloni. 
260 |a Milano :  |b BUR Rizzoli,  |c 2021 
300 |a 207 p. :  |b ill. ;  |c 20 cm 
650 7 |a DONNA  |x Parita giuridica  |2 scbi 
650 7 |a Pari opportunità  |x Italia 
700 1 |a Meloni, Chiara  |0 IT\ICCU\BVEV\131746  |4 ill 
790 0 |a Chiaralascura  |3 IT\ICCU\PCMV\009492  |z Meloni, Chiara 
830 0 |a BUR Rizzoli. Varia  |0 IT\ICCU\CFI\0819033 
942 |2 ddc  |c BK  |n 0 
952 |0 0  |1 0  |4 0  |6 DOC_305_420000000000000_FAC  |7 0  |9 19463  |a BO  |b BO  |d 2026-01-15  |i 19418  |l 0  |o DOC 305.420 FAC  |p BO19418  |r 2026-01-15 23:20:51  |w 2026-01-15  |x [Sebina 5] [1 v.]  |y BK  |z 1 v. 
999 |c 16573  |d 16573